Les bâtiments de combat dans Pokémon - Statistiques

Statistiques générales
  • Ce quiz a été pris 7 fois
  • Le résultat moyen est 9 sur 23
Statistiques - réponses
Jeux d'apparition Bâtiment de Combat % Correct
Pokémon Cristal Tour de Combat
100%
Pokémon X & Y Château de Combat
86%
Pokémon Emeraude Pyramide de Combat
86%
Pokémon Emeraude Usine de Combat
86%
Pokémon Platine Usine de Combat
86%
Pokémon Soleil & Lune Arbre de Combat
71%
Pokémon Emeraude Dojo de Combat
57%
Pokémon Platine Castel de Combat
43%
Pokémon Emeraude Dôme de Combat
43%
Pokémon Emeraude Reptile de Combat
43%
Pokémon Platine Scène de Combat
43%
Pokémon X & Y Maison de Combat
29%
Pokémon Noir & Blanc Métro de Combat
29%
Pokémon Noir 2 & Blanc 2 Pokémon World Tournament
29%
Pokémon Platine Arcade de Combat
14%
Pokémon Epée & Bouclier: L'ile solitaire de l'Armure Dojo de la Maîtrise
14%
Pokémon Soleil & Lune Dôme Royal
14%
Pokémon Rouge Feu & Verte Feuille Tour Dresseurs
14%
Pokémon Ultra-Soleil & Ultra-Lune Agence de Combat
0%
Pokémon Noir & Blanc Club des Epreuves
0%
Pokémon Emeraude Mont Dresseurs
0%
Pokémon Emeraude Palace de Combat
0%
Pokémon Emeraude Tente de Combat
0%
Aucun quiz correspondant
Distribution des résultats
% des personnes avec chaque résultat
Percentile par nombre de réponses
Votre historique - résultats
Vous n’avez pas pris ce quiz